000 00293nam a22001217a 4500
008 170619b xxu||||| |||| 00| 0 eng d
041 _aeng
080 _a327
100 _a20
101 _aSHP
245 _aTHE INTERNATIONAL POLITICS OF NATURAL RESOURCES
_cMIKDASHI.Z
942 _2udc
_cBK
999 _c18043
_d18043